[Event "5.Aschacher Donau op"]
[Site "Aschach, AUT"]
[Date "1996.12.27"]
[Round "2"]
[White "Mittermayr, G."]
[Black "Mahdi, K."]
[Result "0-1"]
[WhiteElo "2200"]
[BlackElo "2390"]
[PlyCount "62"]
[EventDate "1996.12.31"]

1. e4 e5 2. Nf3 Nc6 3. Bb5 a6 4. Ba4 d6 5. d4 Bd7 6. c3 Nge7 7. Bb3 h6 8. Nbd2
Ng6 9. O-O Be7 10. Re1 Bf6 11. Nf1 O-O 12. Ng3 Nh4 13. Nxh4 Bxh4 14. Qh5 Bg5
15. d5 Nb8 16. Bxg5 Qxg5 17. Qxg5 hxg5 18. c4 a5 19. Bd1 Na6 20. b3 a4 21. Re3
axb3 22. Rxb3 Nc5 23. Rb4 Ra3 24. f3 Rfa8 25. Rb2 b6 26. Bc2 Rc3 27. Nf1 Rxc4
28. Nd2 Rc3 29. Nb1 Rc4 30. Nd2 Rd4 31. Nb3 Rb4 {Zeit} 0-1

[Event "5.Aschacher Donau op"]
[Site "Aschach, AUT"]
[Date "1996.12.27"]
[Round "2"]
[White "Obran, H."]
[Black "Piven, I."]
[Result "0-1"]
[WhiteElo "2190"]
[BlackElo "2385"]
[PlyCount "110"]
[EventDate "1996.12.31"]

1. d4 Nf6 2. c4 g6 3. Nc3 Bg7 4. e4 O-O 5. Be3 d6 6. f3 Nbd7 7. Qd2 c5 8. Nge2
a6 9. Bh6 Bxh6 10. Qxh6 Qa5 11. d5 Ne5 12. Ng3 b5 13. cxb5 axb5 14. Qd2 b4 15.
Nd1 Ba6 16. Be2 Bxe2 17. Nxe2 Qb5 18. O-O Qd3 19. Qxd3 Nxd3 20. b3 Ra3 21. Nf2
Nxf2 22. Rxf2 Rfa8 23. Nc1 Ne8 24. Rb1 Nc7 25. Rbb2 Nb5 26. Rfd2 Kf8 27. Rbc2
Ke8 28. Ne2 Kd7 29. Kf2 Rf8 30. f4 Ra7 31. Ke3 Rc8 32. Kf3 Ra3 33. Rc4 Ra7 34.
e5 Na3 35. Rc1 Rac7 36. Re1 Nb5 37. Rc1 Ra8 38. Rc4 Ra3 39. Kf2 Ra6 40. g4 Rca7
41. Rcc2 Rc7 42. Rc1 Rc8 43. Ke3 Ra5 44. Ke4 Ra3 45. Rcc2 dxe5 46. fxe5 f6 47.
Rd1 fxe5 48. Kxe5 Nd6 49. Rf1 c4 50. Nd4 cxb3 51. Rxc8 bxa2 52. Nc2 a1=Q+ 53.
Rxa1 Rxa1 54. Rh8 Rc1 55. Nxb4 Rc4 0-1

[Event "5.Aschacher Donau op"]
[Site "Aschach, AUT"]
[Date "1996.12.27"]
[Round "2"]
[White "Orsag, Mil"]
[Black "Kilgus, G."]
[Result "0-1"]
[WhiteElo "2430"]
[BlackElo "2200"]
[PlyCount "66"]
[EventDate "1996.12.31"]

1. d4 Nf6 2. Nf3 g6 3. c4 Bg7 4. Nc3 O-O 5. Bg5 h6 6. Bh4 d6 7. e3 Nbd7 8. Be2
e5 9. O-O Re8 10. Qc2 c6 11. h3 Qe7 12. dxe5 dxe5 13. Nd2 Nf8 14. Rfd1 Bf5 15.
Qa4 g5 16. Bg3 a5 17. Qb3 Ne6 18. Na4 Nc5 19. Nxc5 Qxc5 20. Qa4 Qb4 21. Qxb4
axb4 22. f3 e4 23. f4 g4 24. Kh2 gxh3 25. gxh3 Nd7 26. Rdb1 Nc5 27. Nb3 Nxb3
28. axb3 Red8 29. Be1 Rxa1 30. Rxa1 Bxb2 31. Ra7 Bc3 32. Bxc3 bxc3 33. Ra2 Rd3
0-1

[Event "5.Aschacher Donau op"]
[Site "Aschach, AUT"]
[Date "1996.12.27"]
[Round "2"]
[White "Schroeder, Hubert"]
[Black "Kranzl, P."]
[Result "1/2-1/2"]
[WhiteElo "1930"]
[BlackElo "2215"]
[PlyCount "77"]
[EventDate "1996.12.31"]

1. e4 c6 2. d4 d5 3. exd5 cxd5 4. Bd3 Nc6 5. c3 Nf6 6. Bf4 Bg4 7. Nf3 e6 8. h3
Bh5 9. Nbd2 Bd6 10. Bxd6 Qxd6 11. O-O O-O 12. Re1 Rfc8 13. Qe2 a6 14. a4 Ne7
15. Qe5 Qxe5 16. Nxe5 Rc7 17. g4 Bg6 18. Bxg6 Nxg6 19. Nxg6 hxg6 20. Kg2 b6 21.
f3 Ne8 22. Kg3 Rb8 23. Ra3 Nd6 24. Kf4 Kf8 25. h4 Ke7 26. Rh1 b5 27. axb5 axb5
28. Rha1 b4 29. Ra7 Rcb7 30. Rxb7+ Rxb7 31. Ke3 bxc3 32. bxc3 Rc7 33. Kd3 Nb5
34. Nb1 Rb7 35. Nd2 Rc7 36. Nb1 f6 37. Ra5 Nd6 38. Nd2 Rb7 39. Ra8 1/2-1/2

[Event "5.Aschacher Donau op"]
[Site "Aschach, AUT"]
[Date "1996.12.27"]
[Round "2"]
[White "Tober, G."]
[Black "Klundt, K."]
[Result "0-1"]
[WhiteElo "2235"]
[BlackElo "2365"]
[PlyCount "114"]
[EventDate "1996.12.31"]

1. e4 c5 2. Nf3 Nc6 3. Bb5 g6 4. O-O Bg7 5. c3 Nf6 6. Re1 a6 7. Bxc6 dxc6 8. h3
O-O 9. d4 cxd4 10. cxd4 c5 11. e5 Nd5 12. Nc3 Nxc3 13. bxc3 cxd4 14. cxd4 Be6
15. a4 Bd5 16. Ba3 b6 17. a5 bxa5 18. Bc5 Rb8 19. Nd2 Rb5 20. Ne4 Bxe4 21. Rxe4
Qd7 22. Qe1 Qc7 23. Qc1 Rd8 24. Qa3 e6 25. Ree1 Bf8 26. Rec1 Bxc5 27. Rxc5 Qd7
28. Rxb5 axb5 29. Qxa5 Qxd4 30. Rb1 Rd5 31. Rxb5 Qxe5 32. Rxd5 exd5 33. Qd8+
Kg7 34. h4 Qe1+ 35. Kh2 Qxf2 36. Qxd5 Qxh4+ 37. Kg1 h5 38. Qe5+ Qf6 39. Qe2
Qd4+ 40. Kh2 h4 41. Kh1 g5 42. Qe1 Kf6 43. Qf1+ Qf4 44. Qa6+ Kf5 45. Qc8+ Kf6
46. Qh8+ Ke7 47. Qa1 Qe3 48. Qf1 Qe4 49. Qc1 f6 50. Qc7+ Kf8 51. Qd8+ Kf7 52.
Qd7+ Kg6 53. Qc8 g4 54. Qg8+ Kh6 55. Qh8+ Kg5 56. Qg7+ Qg6 57. Qc7 Qb1+ 0-1

[Event "5.Aschacher Donau op"]
[Site "Aschach, AUT"]
[Date "1996.12.27"]
[Round "2"]
[White "Todor, R."]
[Black "Schaubmair, M."]
[Result "0-1"]
[WhiteElo "2115"]
[BlackElo "2260"]
[PlyCount "72"]
[EventDate "1996.12.31"]

1. e4 c6 2. c4 d5 3. exd5 cxd5 4. cxd5 Qxd5 5. Nc3 Qd6 6. Bc4 a6 7. Nge2 Nf6 8.
a4 e6 9. d4 Qc7 10. Bb3 Bd6 11. h3 b6 12. Be3 Bb7 13. O-O Nbd7 14. Rc1 Qd8 15.
Nf4 O-O 16. Nd3 Rc8 17. Re1 h6 18. Bd2 Bb8 19. Qe2 Re8 20. Ne5 Nxe5 21. dxe5
Bxe5 22. Red1 Bb8 23. Bf4 Qe7 24. Bxb8 Rxb8 25. Bc4 Ra8 26. Rd3 Qc5 27. Re3 Qh5
28. g4 Qc5 29. Rg3 Qc6 30. f3 Rec8 31. Bd3 Rd8 32. h4 Qd6 33. f4 Qxf4 34. Kh2
Rd4 35. Rf1 Nxg4+ 36. Kh3 Nf2+ 0-1

[Event "5.Aschacher Donau op"]
[Site "Aschach, AUT"]
[Date "1996.12.27"]
[Round "2"]
[White "Traudes, W."]
[Black "Tscherne, Josef"]
[Result "1-0"]
[WhiteElo "2220"]
[BlackElo "1980"]
[PlyCount "65"]
[EventDate "1996.12.31"]

1. d4 Nf6 2. Nc3 d6 3. e4 Nbd7 4. Nf3 e5 5. Bc4 h6 6. O-O c6 7. a4 Be7 8. Re1
Qc7 9. Nh4 exd4 10. Qxd4 Ne5 11. Bf1 Nfd7 12. Nf5 Bf8 13. Rd1 d5 14. exd5 Bc5
15. Qf4 g5 16. Qg3 Kf8 17. Ne4 cxd5 18. Rxd5 b6 19. Nxc5 bxc5 20. f4 Nc6 21.
Qc3 Rh7 22. Rd6 Ne7 23. Rxh6 Nxf5 24. Rxh7 Nd4 25. Be3 Qd6 26. Bc4 gxf4 27.
Rxf7+ Ke8 28. Bxf4 Qg6 29. Qe1+ Ne5 30. Qxe5+ Be6 31. Rf8+ Kxf8 32. Qxc5+ Kf7
33. Qxd4 1-0

[Event "5.Aschacher Donau op"]
[Site "Aschach, AUT"]
[Date "1996.12.27"]
[Round "3"]
[White "Beim, V."]
[Black "Ilincic, Pavle"]
[Result "1/2-1/2"]
[WhiteElo "2570"]
[BlackElo "2200"]
[PlyCount "111"]
[EventDate "1996.12.31"]

1. c4 c5 2. Nf3 Nc6 3. Nc3 g6 4. e3 Bg7 5. d4 d6 6. Be2 Bg4 7. d5 Bxf3 8. Bxf3
Ne5 9. Be2 Nf6 10. O-O O-O 11. f4 Ned7 12. e4 Ne8 13. Qd3 a6 14. a4 b6 15. Bd2
Nc7 16. Kh1 Qb8 17. h4 b5 18. axb5 axb5 19. cxb5 Qb7 20. Qh3 Nb6 21. f5 Rxa1
22. Rxa1 Ra8 23. Rf1 Qc8 24. h5 Qe8 25. fxg6 hxg6 26. hxg6 fxg6 27. Bg5 e6 28.
Bg4 exd5 29. exd5 Qe5 30. Bf4 Rf8 31. g3 Qf6 32. Ne4 Qe7 33. Be6+ Nxe6 34.
Qxe6+ Qxe6 35. dxe6 Re8 36. Bxd6 Rxe6 37. Bxc5 Rxe4 38. Bxb6 Rb4 39. Bc5 Rxb2
40. b6 Bc3 41. Rf3 Be5 42. Re3 Bf6 43. Re6 Rb1+ 44. Kg2 Kf7 45. Rc6 Be5 46. Be3
Rb3 47. Bf2 g5 48. Kh3 Rb2 49. Bc5 Rb3 50. Kg4 Bxg3 51. Kxg5 Ke8 52. Bd4 Kd7
53. Rc2 Rb4 54. Bc5 Rb5 55. Kf6 Bh4+ 56. Kf7 1/2-1/2

[Event "5.Aschacher Donau op"]
[Site "Aschach, AUT"]
[Date "1996.12.27"]
[Round "3"]
[White "Kamberovic, S."]
[Black "Djurkovic, M."]
[Result "1/2-1/2"]
[WhiteElo "2365"]
[BlackElo "2095"]
[PlyCount "72"]
[EventDate "1996.12.31"]

1. d4 g6 2. g3 Bg7 3. Bg2 d6 4. Nf3 Nd7 5. O-O e5 6. c4 Ne7 7. Nc3 O-O 8. e4
exd4 9. Nxd4 Nc6 10. Be3 Nde5 11. b3 Ng4 12. Nxc6 Nxe3 13. fxe3 bxc6 14. Qd3
Qe7 15. Rae1 Qe5 16. Ne2 a5 17. Nd4 Bd7 18. Rf2 Rab8 19. Rc2 Qc5 20. Ne2 a4 21.
bxa4 Qb4 22. Nc3 Be6 23. Bf1 Qa5 24. Rec1 Rb4 25. Qd2 Qc5 26. a5 Bh6 27. Nd1 f6
28. a6 Ra4 29. Rb1 Rxa6 30. Qd4 Qa3 31. c5 Ra4 32. Qd3 d5 33. Rc3 Qxa2 34. Rb2
Qa1 35. Rb1 Qa2 36. Rb2 Qa1 1/2-1/2

[Event "5.Aschacher Donau op"]
[Site "Aschach, AUT"]
[Date "1996.12.27"]
[Round "3"]
[White "Klundt, K."]
[Black "Gruber, Reinhold"]
[Result "1-0"]
[WhiteElo "2365"]
[BlackElo "1985"]
[PlyCount "125"]
[EventDate "1996.12.31"]

1. e4 c5 2. Nf3 Nc6 3. d4 cxd4 4. Nxd4 Nf6 5. Nc3 e5 6. Ndb5 d6 7. Bg5 a6 8.
Na3 b5 9. Nd5 Be7 10. Bxf6 Bxf6 11. c3 Bb7 12. Nc2 Nb8 13. g3 Nd7 14. Bg2 Nc5
15. O-O O-O 16. h4 g6 17. Nce3 Bg7 18. Qc2 a5 19. Rfd1 Ra7 20. Rd2 Bh6 21. Rad1
Bc8 22. b4 Nb7 23. a3 f5 24. exf5 gxf5 25. Bh3 Bxe3 26. fxe3 Be6 27. Rf1 e4 28.
c4 axb4 29. axb4 Ra3 30. c5 dxc5 31. Nf4 Qe7 32. bxc5 Nxc5 33. Nxe6 Nxe6 34.
Bxf5 Ng7 35. Bxe4 Rxf1+ 36. Kxf1 Rxe3 37. Bd5+ Kh8 38. Qc8+ Ne8 39. Kg2 Qe5 40.
Bf3 b4 41. Rd5 Qe6 42. Qxe6 Rxe6 43. Rb5 Kg7 44. Rxb4 Nd6 45. Rb6 Rg6 46. g4 h6
47. Rc6 Ne8 48. Rc8 Nd6 49. Rc7+ Kf6 50. Kg3 Ke5 51. Rc5+ Ke6 52. Bd5+ Kd7 53.
Kf4 Ne8 54. Be4 Rf6+ 55. Bf5+ Ke7 56. Ra5 Rc6 57. Ke5 Nf6 58. Ra7+ Kf8 59. Be6
Ne8 60. Rf7+ Kg8 61. Bd5 Rc5 62. Rc7+ Kf8 63. Kd4 {Rest unleserlich} 1-0

[Event "5.Aschacher Donau op"]
[Site "Aschach, AUT"]
[Date "1996.12.27"]
[Round "3"]
[White "Kranzl, P."]
[Black "Obermayr, H."]
[Result "1-0"]
[WhiteElo "2215"]
[BlackElo "2110"]
[PlyCount "53"]
[EventDate "1996.12.31"]

1. e4 e6 2. d4 d5 3. Nd2 Nf6 4. e5 Nfd7 5. f4 c5 6. c3 Nc6 7. Ndf3 Qb6 8. g3
cxd4 9. cxd4 a5 10. Ne2 a4 11. a3 Qd8 12. Nc3 Nb6 13. Bd3 Bd7 14. O-O Na5 15.
Bc2 Nac4 16. Ng5 g6 17. g4 Be7 18. Nxf7 $1 Kxf7 19. f5 gxf5 20. gxf5 Qg8+ 21.
Kh1 Ke8 $2 22. f6 Bxf6 23. Rxf6 Ke7 24. Qf3 Bc6 25. Bh6 Nd7 26. Rg1 Qe8 27.
Rxe6+ 1-0

[Event "5.Aschacher Donau op"]
[Site "Aschach, AUT"]
[Date "1996.12.27"]
[Round "3"]
[White "Lammer, Philipp"]
[Black "Birklbauer, Toni"]
[Result "1-0"]
[WhiteElo "1875"]
[BlackElo "2095"]
[PlyCount "35"]
[EventDate "1996.12.31"]

1. d4 g6 2. e4 Bg7 3. c4 d6 4. Nc3 Nd7 5. Nf3 e5 6. Be2 Ne7 7. O-O O-O 8. Be3
f5 9. dxe5 dxe5 10. Ng5 Nf6 11. Qb3 Bh8 12. Rad1 Qe8 13. Nb5 Qc6 14. c5+ Kg7
15. Rd8 Ne8 16. Rxc8 Nxc8 17. Ne6+ Kf6 18. Bg5+ 1-0

[Event "5.Aschacher Donau op"]
[Site "Aschach, AUT"]
[Date "1996.12.27"]
[Round "3"]
[White "Lanka, Z."]
[Black "Konrad, Edmund"]
[Result "1-0"]
[WhiteElo "2545"]
[BlackElo "2015"]
[PlyCount "37"]
[EventDate "1996.12.31"]

1. e4 d5 2. exd5 Nf6 3. d4 Nxd5 4. Nf3 g6 5. Be2 Bg7 6. O-O O-O 7. c4 Nb6 8.
Nc3 Bg4 9. c5 N6d7 10. Be3 c6 11. h3 Bxf3 12. Bxf3 e5 13. d5 Qc7 (13... cxd5
14. Qxd5 (14. Bxd5 Nc6) 14... Nc6 15. Rad1 Nf6) 14. dxc6 bxc6 15. Qa4 f5 16.
Nb5 Qb7 17. Nd6 Qxb2 18. Qc4+ Kh8 19. Rab1 1-0

[Event "5.Aschacher Donau op"]
[Site "Aschach, AUT"]
[Date "1996.12.27"]
[Round "3"]
[White "Lehner, O."]
[Black "Beutel, H."]
[Result "1-0"]
[WhiteElo "2320"]
[BlackElo "2170"]
[PlyCount "81"]
[EventDate "1996.12.31"]

1. Nf3 Nf6 2. c4 e6 3. d4 d5 4. g3 Bb4+ 5. Bd2 Be7 6. Bg2 O-O 7. O-O b6 8. Nc3
Bb7 9. Ne5 c6 10. Bf4 Nfd7 11. cxd5 exd5 12. Nf3 a5 13. Qc2 Ra7 14. Rad1 Nf6
15. Rfe1 Bb4 16. a3 Bxc3 17. Qxc3 Ne4 18. Qc2 Nd7 19. Nd2 Nxd2 20. Rxd2 Nf6 21.
f3 Nh5 22. Be3 Ba8 23. Bf2 Re8 24. b4 axb4 25. axb4 Nf6 26. e3 h6 27. Bf1 Qd7
28. Bd3 Bb7 29. Rb1 b5 30. Bf5 Qe7 31. Re2 Nd7 32. e4 g6 33. Rbe1 Qd8 34. Bxg6
Nf8 35. Bf5 Ra4 36. e5 Rxb4 37. Qd2 Rb3 38. Qxh6 Rxf3 39. Bg4 Rxf2 40. Rxf2 Bc8
41. Bh5 1-0

[Event "5.Aschacher Donau op"]
[Site "Aschach, AUT"]
[Date "1996.12.27"]
[Round "3"]
[White "Mahdi, K."]
[Black "Traudes, W."]
[Result "1-0"]
[WhiteElo "2390"]
[BlackElo "2220"]
[PlyCount "43"]
[EventDate "1996.12.31"]

1. e4 Nf6 2. Nc3 e5 3. Nf3 d6 4. d4 Nbd7 5. Bc4 Be7 6. O-O O-O 7. Re1 c6 8. a4
b6 9. h3 Bb7 10. Ba2 a6 11. dxe5 dxe5 12. Nh4 g6 13. Bh6 Re8 14. Nf3 Nh5 15.
Qd3 b5 16. Red1 Nc5 17. Qxd8 Bxd8 18. Be3 Ne6 19. Nxe5 Bf6 20. Nd7 Bg7 21. a5
Bc8 22. Bxe6 1-0

[Event "5.Aschacher Donau op"]
[Site "Aschach, AUT"]
[Date "1996.12.27"]
[Round "3"]
[White "Mayer, Josef"]
[Black "Mittermayr, G."]
[Result "0-1"]
[WhiteElo "2070"]
[BlackElo "2200"]
[PlyCount "70"]
[EventDate "1996.12.31"]

1. c4 Nf6 2. Nc3 g6 3. g3 Bg7 4. Bg2 O-O 5. d4 d6 6. Nf3 Nbd7 7. O-O e5 8. e4
c6 9. h3 Re8 10. Be3 Qe7 11. Re1 Nf8 12. Qc2 Nh5 13. Rad1 f5 14. dxe5 dxe5 15.
exf5 gxf5 16. Bc1 Ng6 17. Qe2 e4 18. Ng5 Nf6 19. h4 Ne5 20. f4 Neg4 21. Bh3
Qc5+ 22. Kg2 h6 23. Bxg4 Nxg4 24. Nh3 Be6 25. Na4 Qxc4 26. Qxc4 Bxc4 27. Rd7 b6
28. Nf2 Nxf2 29. Kxf2 Bxa2 30. Re3 Red8 31. Rxd8+ Rxd8 32. Ra3 Bc4 33. Nc3 b5
34. Rxa7 Bd4+ 35. Be3 Bxa7 0-1

[Event "5.Aschacher Donau op"]
[Site "Aschach, AUT"]
[Date "1996.12.27"]
[Round "3"]
[White "Mittermayr, G."]
[Black "Beim, V."]
[Result "0-1"]
[WhiteElo "2200"]
[BlackElo "2570"]
[PlyCount "64"]
[EventDate "1996.12.31"]

1. e4 d6 2. d4 Nf6 3. Nc3 g6 4. f3 c6 5. Be3 Qb6 6. Qc1 Bg7 7. Bc4 O-O 8. Nge2
Qc7 9. g4 Nbd7 10. a3 e5 11. Qd2 b5 12. Bb3 a5 13. g5 exd4 14. Bxd4 Nh5 15.
Bxg7 Nxg7 16. O-O-O b4 17. Na4 bxa3 18. bxa3 d5 19. exd5 cxd5 20. Qxd5 Ra6 21.
h4 Nf5 22. Rd3 Re6 23. Nec3 Ne5 24. Rd2 Bb7 25. Qb5 Nxf3 26. Bxe6 Nxd2 27. Bd5
Qf4 28. Kb2 Nd6 29. Qd3 N6c4+ 30. Ka2 Qd6 31. Bxc4 Qxd3 32. Bxd3 Bxh1 0-1

[Event "5.Aschacher Donau op"]
[Site "Aschach, AUT"]
[Date "1996.12.27"]
[Round "3"]
[White "Piven, I."]
[Black "Zumtobel, T."]
[Result "1-0"]
[WhiteElo "2385"]
[BlackElo "2125"]
[PlyCount "97"]
[EventDate "1996.12.31"]

1. Nf3 Nf6 2. d4 g6 3. Bg5 Bg7 4. c3 O-O 5. Nbd2 d5 6. e3 Nbd7 7. Be2 c5 8. O-O
Qb6 9. Rb1 Re8 10. c4 cxd4 11. Nxd4 e5 12. N4b3 Ne4 13. Bh4 Nxd2 14. Qxd2 dxc4
15. Bxc4 Bf6 16. Qd5 Rf8 17. Bg3 Qb4 18. Qb5 Qe7 19. Be2 Rd8 20. Rfd1 b6 21.
Rbc1 a6 22. Qd5 Ra7 23. Qc6 Kf8 24. Rd2 Bh4 25. Bxh4 Qxh4 26. Rcd1 Qe7 27. a3
Re8 28. Rd6 b5 29. Na5 Nb8 30. Qc5 Rd7 31. Qb6 Rxd6 32. Rxd6 Nd7 33. Qc7 Nf6
34. Qb6 Nd7 35. Qc6 Nb8 36. Qd5 Qc7 37. Nb3 Bb7 38. Qd2 Qe7 39. Nc5 Bc6 40. b4
Kg8 41. Nxa6 Qb7 42. Nc5 Qa7 43. Rd8 Qc7 44. Rd3 Qa7 45. h3 Qa8 46. Rd8 Qa7 47.
Rxe8+ Bxe8 48. Qd8 Kf8 49. Bxb5 1-0

[Event "5.Aschacher Donau op"]
[Site "Aschach, AUT"]
[Date "1996.12.27"]
[Round "3"]
[White "Schaubmair, M."]
[Black "Casagrande, H."]
[Result "0-1"]
[WhiteElo "2260"]
[BlackElo "2365"]
[PlyCount "118"]
[EventDate "1996.12.31"]

1. d4 g6 2. Nf3 Bg7 3. c3 d6 4. Bf4 Nd7 5. e3 e5 6. dxe5 dxe5 7. Bg3 Ne7 8. e4
O-O 9. Bc4 h6 10. O-O Kh7 11. Bh4 f6 12. Nbd2 Nc5 13. Qe2 c6 14. Rfe1 b5 15.
Nb3 Nxe4 16. Qxe4 Bf5 17. Qe2 bxc4 18. Qxc4 g5 19. Bg3 Qd5 20. Qb4 Qf7 21. Rad1
Rfb8 22. Qd6 Rb7 23. Rd2 Bf8 24. Qc5 Be6 25. Qe3 Bxb3 26. axb3 Nd5 27. Qd3+ Kg7
28. Qc4 Ne7 29. Qxf7+ Kxf7 30. b4 Rc8 31. Red1 Nd5 32. b5 Nb6 33. bxc6 Rxc6 34.
Bxe5 Nc4 35. Rd7+ Rxd7 36. Rxd7+ Ke8 37. Rc7 Nxe5 38. Rxa7 Nxf3+ 39. gxf3 Bd6
40. Rh7 Rb6 41. Rxh6 Be5 42. h4 gxh4 43. f4 Bxf4 44. Rxh4 Bd2 45. Rd4 Rxb2 46.
c4 Bb4 47. Rf4 Kf7 48. Kg2 Rc2 49. Kh3 Bd6 50. Rf3 Rxc4 51. Rd3 Be5 52. Kg2 Rc2
53. Kf1 Ke6 54. Ke1 Kf5 55. Rf3+ Ke4 56. Rh3 f5 57. Rh5 Bd4 58. f3+ Ke3 59. Kd1
Rc5 0-1

[Event "5.Aschacher Donau op"]
[Site "Aschach, AUT"]
[Date "1996.12.27"]
[Round "3"]
[White "Staller, P."]
[Black "Balinov, I."]
[Result "1/2-1/2"]
[WhiteElo "2350"]
[BlackElo "2385"]
[PlyCount "86"]
[EventDate "1996.12.31"]

1. d4 Nf6 2. Nf3 g6 3. c3 Bg7 4. Bg5 h6 5. Bxf6 exf6 6. e4 O-O 7. Be2 d6 8. O-O
Re8 9. Nbd2 c5 10. dxc5 dxc5 11. Nc4 Bf8 12. Qxd8 Rxd8 13. Rad1 Nc6 14. Ne3 Bd7
15. Bc4 Rab8 16. Rd2 b5 17. Bd5 Be8 18. Rfd1 Kg7 19. g3 c4 20. a3 Bc5 21. Nc2
Ne5 22. Nxe5 fxe5 23. Ne1 Rd6 24. Nf3 f6 25. Kg2 h5 26. h3 Bd7 27. Bxc4 bxc4
28. Rxd6 Ba4 29. Rd7+ Kh6 30. R7d5 Bxd1 31. Rxc5 Rxb2 32. Rxc4 Ra2 33. Rc6 Rxa3
34. Rxf6 Kg7 35. Rc6 Ra5 36. Ng5 Bb3 37. h4 Ra2 38. Rc7+ Kg8 39. Nh7 a5 40. Rd7
a4 41. Nf6+ Kf8 42. Nh7+ Kg8 43. Nf6+ Kf8 1/2-1/2

[Event "5.Aschacher Donau op"]
[Site "Aschach, AUT"]
[Date "1996.12.27"]
[Round "3"]
[White "Steinermayr, Thomas"]
[Black "Hellmayr, A."]
[Result "1/2-1/2"]
[WhiteElo "2100"]
[BlackElo "2265"]
[PlyCount "94"]
[EventDate "1996.12.31"]

1. e4 c5 2. Nf3 e6 3. d4 cxd4 4. Nxd4 Nf6 5. Bd3 Nc6 6. Nb3 d5 7. exd5 exd5 8.
O-O Be7 9. Nc3 O-O 10. Bf4 Bg4 11. Qd2 d4 12. Ne4 Bb4 13. c3 Nxe4 14. Bxe4 dxc3
15. bxc3 Qxd2 16. Bxd2 Ba3 17. Rfe1 Rfd8 18. Rab1 Be6 19. Bg5 Rd7 20. Rbd1 h6
21. Rxd7 Bxd7 22. Bc1 Bf8 23. Be3 Rc8 24. Nc5 Bxc5 25. Bxc5 Be6 26. a3 b6 27.
Bxc6 bxc5 28. Bb5 a6 29. Bxa6 Ra8 30. Bd3 Rxa3 31. Rc1 Kf8 32. Kf1 Ke7 33. Ke2
Bd5 34. g3 Kf6 35. Ke3 g5 36. f4 g4 37. Rc2 Ra1 38. Rb2 Re1+ 39. Re2 Rf1 40.
Rf2 Rc1 41. Kd2 Ra1 42. Ke3 h5 43. Rb2 Re1+ 44. Kd2 Rh1 45. Ke3 Ke7 46. Rd2 Bc6
47. Ra2 Re1+ 1/2-1/2

[Event "5.Aschacher Donau op"]
[Site "Aschach, AUT"]
[Date "1996.12.27"]
[Round "3"]
[White "Sulava, N."]
[Black "Lohou, Stephane"]
[Result "1-0"]
[WhiteElo "2430"]
[BlackElo "2210"]
[PlyCount "61"]
[EventDate "1996.12.31"]

1. Nf3 Nf6 2. c4 g6 3. Nc3 d5 4. cxd5 Nxd5 5. Qa4+ Bd7 6. Qh4 Bc6 7. Qd4 f6 8.
e4 Nxc3 9. bxc3 Qxd4 10. Nxd4 e5 11. Nxc6 Nxc6 12. h4 Bc5 13. Rb1 a6 14. h5 Ke7
15. Rxb7 Bb6 16. Ba3+ Kd7 17. Rh3 Na5 18. Rd3+ Kc6 19. Rxb6+ Kxb6 20. Rf3 gxh5
21. Rxf6+ c6 22. d4 exd4 23. cxd4 Nb7 24. g3 Rhd8 25. d5 Rac8 26. d6 Re8 27.
Bg2 Rcd8 28. f4 Na5 29. e5 Kb5 30. Kf2 c5 31. Rf7 1-0

[Event "5.Aschacher Donau op"]
[Site "Aschach, AUT"]
[Date "1996.12.27"]
[Round "3"]
[White "Teske, H."]
[Black "Altukhov, S."]
[Result "1-0"]
[WhiteElo "2520"]
[BlackElo "2350"]
[PlyCount "59"]
[EventDate "1996.12.31"]

1. Nf3 Nf6 2. d4 d5 3. c4 c6 4. Nc3 g6 5. cxd5 cxd5 6. Bf4 Nc6 7. e3 Bg7 8. Be2
O-O 9. h3 Ne4 $1 10. Rc1 Nxc3 11. Rxc3 $1 f6 12. Rc5 Be6 13. O-O Bf7 14. Qb3 e5
15. dxe5 fxe5 16. Bg3 Qe7 17. Rfc1 h6 18. Bb5 Rac8 19. Bxc6 Rxc6 20. Rxc6 bxc6
21. Rxc6 d4 22. Qb5 dxe3 23. fxe3 e4 $2 (23... Bxa2) 24. Bd6 Qd7 25. Bxf8 exf3
26. Bxg7 Be8 27. Qc4+ Bf7 28. Rc8+ Kh7 29. Rh8+ Kxg7 30. Qc3+ 1-0

[Event "5.Aschacher Donau op"]
[Site "Aschach, AUT"]
[Date "1996.12.27"]
[Round "3"]
[White "Tkaczuk, R."]
[Black "Schroeder, Hubert"]
[Result "1-0"]
[WhiteElo "2255"]
[BlackElo "1930"]
[PlyCount "59"]
[EventDate "1996.12.31"]

1. e4 c5 2. Nf3 Nc6 3. Bb5 d6 4. O-O e5 5. c3 a6 6. Bc4 Be6 7. Bxe6 fxe6 8. Qb3
Qd7 9. Ng5 Nd8 10. Rd1 h6 11. Nf3 Nf6 12. d4 exd4 13. cxd4 Nxe4 14. Qc2 Qc6 15.
dxc5 d5 16. b4 Nf7 17. Nd4 Qd7 18. f3 Nf6 19. Re1 e5 20. Bf4 O-O-O 21. Bxe5
Nxe5 22. Rxe5 Re8 23. Rxe8+ Qxe8 24. Qd2 g6 25. Nc3 Bg7 26. b5 Nd7 27. Rc1 Qe5
28. Nce2 axb5 29. Nxb5 Re8 30. Nd6+ 1-0

[Event "5.Aschacher Donau op"]
[Site "Aschach, AUT"]
[Date "1996.12.27"]
[Round "3"]
[White "Trkulja, Z."]
[Black "Obran, H."]
[Result "1/2-1/2"]
[WhiteElo "2175"]
[BlackElo "2190"]
[PlyCount "90"]
[EventDate "1996.12.31"]

1. e4 c6 2. c4 d5 3. cxd5 cxd5 4. exd5 Nf6 5. Bb5+ Bd7 6. Bc4 Qc7 7. Bb3 g6 8.
Nc3 Bg7 9. Nge2 O-O 10. d4 b5 11. Bf4 Qb7 12. Be5 a5 13. a3 Na6 14. O-O Ne8 15.
Bxg7 Kxg7 16. Ne4 a4 17. Ba2 Rc8 18. Rc1 Nd6 19. Nc5 Qa7 20. Ng3 Kg8 21. Re1
Rfe8 22. Nge4 Nxe4 23. Nxe4 Rxc1 24. Qxc1 Qxd4 25. Qc3 Qxc3 26. Nxc3 Kf8 27. h4
Rc8 28. Re4 h6 29. Kf1 Rb8 30. b4 axb3 31. Bxb3 Rc8 32. Re3 Nc5 33. Bd1 Ra8 34.
Na2 Nb7 35. Be2 Nd6 36. Rb3 Nc4 37. Bxc4 bxc4 38. Rc3 Ba4 39. Nb4 Bb3 40. Nc2
Ra5 41. Ne3 Rxa3 42. Nxc4 Bxc4+ 43. Rxc4 Rd3 44. Rc8+ Kg7 45. Rc7 Kf6 1/2-1/2

[Event "5.Aschacher Donau op"]
[Site "Aschach, AUT"]
[Date "1996.12.27"]
[Round "3"]
[White "Wiesinger, Robert"]
[Black "Lehner, O."]
[Result "0-1"]
[WhiteElo "2105"]
[BlackElo "2320"]
[PlyCount "65"]
[EventDate "1996.12.31"]

1. e4 c5 2. Nf3 Nc6 3. Bb5 e6 4. O-O Nge7 5. b3 d6 6. d4 cxd4 7. Nxd4 a6 8.
Bxc6+ Nxc6 9. Nxc6 bxc6 10. f4 d5 11. Nd2 Be7 12. Bb2 O-O 13. Kh1 c5 14. Rf3 f6
15. Rg3 Rf7 16. Qe2 Bb7 17. Re1 Qd7 18. Re3 Bf8 19. exd5 exd5 20. Re6 Bc8 21.
Re8 Qf5 22. Nf1 Bb7 23. Ba3 Rxe8 24. Qxe8 d4 25. Re2 Qd5 26. Qe6 Qxe6 27. Rxe6
Rd7 28. Kg1 Kf7 29. Re2 Bd6 30. Kf2 Rc7 31. g3 h5 32. Nd2 Bd5 33. Ke1 0-1

[Event "5.Aschacher Donau op"]
[Site "Aschach, AUT"]
[Date "1996.12.27"]
[Round "3"]
[White "Wohlfahrt, He"]
[Black "Orsag, Mil"]
[Result "0-1"]
[WhiteElo "2235"]
[BlackElo "2430"]
[PlyCount "64"]
[EventDate "1996.12.31"]

1. d4 d5 2. c4 e6 3. Nf3 c5 4. cxd5 exd5 5. Nc3 Nc6 6. g3 Nf6 7. Bg2 Be7 8. O-O
O-O 9. Bg5 cxd4 10. Nxd4 h6 11. Be3 Re8 12. Rc1 Bg4 13. Ncb5 Qd7 14. Re1 Bb4
15. Bd2 Bf8 16. f3 Bh5 17. e3 Ne4 18. Nxc6 bxc6 19. Nd4 Rab8 20. Re2 c5 21. Nb3
c4 22. Nd4 Nxd2 23. Qxd2 Bb4 24. Qd1 Bg6 25. a3 Ba5 26. b4 Bb6 27. Re1 Bd3 28.
Bf1 Rxe3 29. Rxe3 Bxd4 30. Qd2 Re8 31. Rce1 Rxe3 32. Rxe3 Qe6 0-1

[Event "5.Aschacher Donau op"]
[Site "Aschach, AUT"]
[Date "1996.12.28"]
[Round "4"]
[White "Altukhov, S."]
[Black "Karner, C."]
[Result "1-0"]
[WhiteElo "2350"]
[BlackElo "2180"]
[PlyCount "55"]
[EventDate "1996.12.31"]

1. d4 Nf6 2. c4 g6 3. Nc3 Bg7 4. e4 d6 5. h3 O-O 6. Bg5 Nbd7 7. Nf3 c6 8. Bd3
e5 9. d5 cxd5 10. Nxd5 h6 11. Nxf6+ Nxf6 12. Be3 b5 13. cxb5 Bb7 14. Qa4 d5 15.
Nxe5 dxe4 16. Bc4 Nd5 17. Bxd5 Qxd5 18. Nc6 Bxc6 19. bxc6 Bxb2 20. Rd1 Bc3+ 21.
Ke2 Qe5 22. Rd7 Rab8 23. Rb7 Rxb7 24. cxb7 Qd5 25. Qa6 Rd8 26. Rb1 Bb4 27. g4
f5 28. Bf4 1-0